000
00279 a2200097 4500
020
_a
9789348705785
100
_a
Kahlil Gibran
245
_a
Manushyaputhranaya Yesu(മനുഷ്യപുത്രനായ യേശു)
260
_b
Indulekha Media Network
_c
2025
942
_c
OO
999
_c
116154
_d
116153